| 000 | 00966cam a22002895i 4500 | ||
|---|---|---|---|
| 999 |
_c28529 _d28500 |
||
| 001 | 20727001 | ||
| 003 | EG-ScBUE | ||
| 005 | 20200720153519.0 | ||
| 008 | 181031t20182018gw a f 000 0 eng d | ||
| 020 | _a9781786980045 (hardback) | ||
| 040 |
_aDLC _beng _erda _cDLC _dEG-ScBUE |
||
| 082 | 0 | 4 |
_a779.96176 _bFER _222 |
| 100 | 1 |
_aFeraru, Mirela, _eauthor. |
|
| 245 | 0 | 0 |
_aDental visualization : _ba practical approach to digital photography and workflow / _cMirela Feraru, Nitzan Bichacho. |
| 264 | 1 |
_aBerlin : _bQuintessence Publishing, _c[2018] |
|
| 264 | 4 | _cc2018 | |
| 300 |
_a246 pages : _billustrations (chiefly color) ; _c29 cm |
||
| 336 |
_atext _btxt _2rdacontent |
||
| 337 |
_aunmediated _bn _2rdamedia |
||
| 338 |
_avolume _bnc _2rdacarrier |
||
| 650 | 7 |
_aDental photography. _2BUEsh |
|
| 650 | 7 |
_aDentistry _xDocumentation. _2BUEsh |
|
| 653 |
_bDDENT _cJuly2020 |
||
| 655 |
_vReading book _934232 |
||
| 700 | 1 |
_aBichacho, Nitzan, _eauthor. |
|
| 942 |
_2ddc _cBB |
||